| 000 | 01720nam a22001577a 4500 | ||
|---|---|---|---|
| 041 | _aukr | ||
| 080 | _a09 | ||
| 090 | _bОЛІ | ||
| 100 | _aОлійник А.В. | ||
| 245 | _aГендерна асиметрія та її місце у мовленні, перекладі та матеріалах ЗМІ | ||
| 260 |
_aОстог _bКАФ _c2010 |
||
| 300 | _a55 | ||
| 520 |
_aВСТУП
РОЗДІЛ 1 ГЕНДЕР ТА ЙОГО ОСОБЛИВОСТІ
1.1 Становлення теорії гендеру.
1.1.1 Звязок гендеру з мовою.
1.1.2 Мовний сексизм.
1.2 Особливості та проблеми міжстатевого спілкування.
1.2.1 Гендерні особливості жіночого спілкування.
1.2.2 Гендерні особливості спілкуванння чоловіків.
РОЗДІЛ 2 ГЕНДЕРНІ АСИМЕТРІЯ У РІЗНИХ СФЕРАХ ЖИТТЯ
2.1 Гендерна асиметрія та ЗМІ.
2.1.1 Гендерна асиметрія та телебачення.
2.1.2 Гендерна нерівність у пресі та рекламі.
2.2 Гендер у перекладознавстві.
2.2.1 Гендер у перекладі: історичний розвиток та основні проблеми.
2.2.2 Гендерні особливості перекладу.
РОЗДІЛ 3 ГЕНДЕРНА АСИМЕТРІЯ У ЗМІ
3.1 Аналіз підсвідомого добору слів.
3.2 Гендерна асиметрія на сторінках преси.
ВИСНОВКИ _0гендерна асиметрія, ЗМІ |
||
| 650 | _aResearch Papers | ||
| 999 |
_c284274 _d284274 |
||
| 942 | _cBK | ||